=LDR 00000nam 2200000 4500 =001 000676 =005 20250711022859 =035 ##$$a 0010-0725000544 =007 ta =008 250711################a##########0#ind## =020 ##$$a 978-623-307-354-7 =082 ##$$a 398.209 598 =084 ##$$a 398.209 598 SHA p =100 #$$a Sharma chachal =245 1#$$a Para semut /$c Chamchal sharma =250 ##$$a Cetakan kedua =260 ##$$a Rawamangun :$b Badan pengembangan dan pusat bahasa,$c 2022 =300 ##$$a 14 hlm. : $b Ilus. ; $c 21 cm. =650 #4$$a Cerita anak indonesia-terjemahan =650 #4$$a Literasi-bahan bacaan =990 ##$$a TBM202400451